Responses for Show #2568 - Wednesday, November 1, 1995

Contestants

[<< previous game]

Mike Erickson, a teacher from San Diego, California

Ed Stewart, a Roman Catholic priest from Brooklyn, New York

Marty Johns, an engineer from Stow, Ohio (whose 2-day cash winnings total $28,100)

[next game >>]

Jeopardy! Round responses

COLONIAL AMERICA
TELEVISION
BUSINESS & INDUSTRY
FOOD & DRINK
NATIONAL PARKS
ANAGRAMS
    $100 6
whales

Ed
    $100 14
Frasier

Mike
    $100 26
Coca-Cola

Marty
    $100 11
angel

Marty
    $100 1
the Everglades

Marty
    $100 21
an owl (from low)

Mike
    $200 7
Georgian

Ed
    $200 15
Fran Drescher

Ed
    $200 27
Levi Strauss</em>

Mike
    $200 12
(Marty: What is tea?)

milk

MartyEd
    $200 2
Yosemite

Ed
    $200 22
a limo (from Milo)

Ed
    $300 8
Pennsylvania

Marty
    $300 18
Run for Your Life

Mike
    $300 28
State Farm

Marty
    $300 13
a swizzle

Mike
    $500 3
Mammoth Cave

Ed
    $300 23
satin (from saint)

Ed
    $400 9
pewter

Ed
    $400 19
Holly Hunter

Triple Stumper
    $400 29
Ted Turner

Ed
    $400 16
(Marty: What is the Netherlands?)

Belgium

MartyEd
    $400 4
Great Smoky (Mountains) National Park

Ed
    $400 24
(Alex: Might be the easiest one of the lot, [*].)

coral (from Carol)

Triple Stumper
    $500 10
painted portraits

Triple Stumper
    $500 20
a bus station

Mike
    $500 30
TRW

Marty
    $500 17
(Marty: What is a pear?)

a plum

MartyEd
    $500 5
(Marty: What is California?)

Alaska

Marty
Triple Stumper
    $500 25
Mali (from Liam)

Mike

Scores at the first commercial break (after clue 15):

Marty Ed Mike
-$200 $2,200 $400

Scores at the end of the Jeopardy! Round:

Marty Ed Mike
-$200 $4,000 $2,000

Double Jeopardy! Round responses

HISTORY
ANATOMY
BRITISH POSSESSIONS
COMPOSERS
GOVERNMENT & POLITICS
QUOTABLE WOMEN
    $200 3
Venezuela

Mike
    $200 1
the ribs

Marty
    $200 9
Hong Kong

Ed
    $200 21
Beethoven

Marty
    $200 28
the Secret Service

Marty
    $200 16
Mae West

Ed
    $400 4
Admiral Dewey

Mike
    $400 2
marrow

Mike
    $400 10
the Virgin Islands

Ed
    $400 24
Tchaikovsky

Ed
    $400 30
Secretary of the Treasury

Mike
    $400 17
Grandma Moses

Ed
    $600 5
Louis XIV

Marty
    $600 6
(Mike: What are [*]?)
(Alex: Need one more.)

cones & rods

Mike
    $600 11
the Falkland Islands

Marty
    $600 25
Schubert

Mike
    $600 23
the (John) Tower Commission

Triple Stumper
    $600 18
Dorothy Parker

Mike
    $800 7
Poland

Mike
    $800 12
the pancreas

Ed
    $800 13
Pitcairn

Marty
    $800 26
(Marty: Who is Puccini?)

(Gioachino) Rossini

MartyEd
    $800 22
a whip

Mike
    $800 19
Lillian Hellman

Ed
    $1000 8
Philip (II) of Spain

Ed
    $1,900 14
the pituitary

Marty
    $1000 15
St. Helena

Mike
    $1000 27
Aaron Copland

Triple Stumper
    $3,400 29
(Alexander) Haig

Marty
    $1000 20
Susan B. Anthony

Ed

Scores at the end of the Double Jeopardy! Round:

Marty Ed Mike
$6,900 $10,000 $7,800

[wagering suggestions for these scores]

Final Jeopardy! Round responses

ASTRONOMY
MartyWhat is solar eclipse?
$4,100
MikeWhat
$7,700
EdWhat is solar eclipse
$5,700
solstice

Final scores:

Marty Ed Mike
$2,800 $4,300 $100
2nd place: Gateway 2000 PC & Corel Draw! software + Jeopardy! home game & Tiger electronic version New champion: $4,300 3rd place: JVC HR-A61 VCR + Jeopardy! home game & Tiger electronic version

Game dynamics:

Coryat scores:

Marty Ed Mike
$3,600 $9,800 $7,800
14 R
(including 2 DDs),
5 W
23 R
(including 1 DD),
0 W
17 R,
0 W

Combined Coryat: $21,200

[game clues] [game scores] [suggest correction]

Game tape date: Unknown
The J! Archive is created by fans, for fans. Scraping, republication, monetization, and malicious use prohibited; this site may use cookies and collect identifying information. See terms. The Jeopardy! game show and all elements thereof, including but not limited to copyright and trademark thereto, are the property of Jeopardy Productions, Inc. and are protected under law. This website is not affiliated with, sponsored by, or operated by Jeopardy Productions, Inc. Join the discussion at JBoard.tv.